Dallas Cowboys 2024-25 Roster - Statistics

General Stats
  • This quiz has been taken 193 times
  • The average score is 17 of 79
Answer Stats
Answer % Correct
10 Cooper Rush
95%
88 CeeDee Lamb
92%
15 Ezekiel Elliott
81%
19 Trey Lance
79%
QB:4 Dak Prescott
78%
23 Rico Dowdle
56%
11 Micah Parsons
54%
1 Jalen Tolbert
51%
87 Jake Ferguson
45%
7 Trevon Diggs
44%
42 Deuce Vaughn
41%
WR:3 Brandin Cooks
39%
26 DaRon Bland
39%
73 Tyler Smith
39%
70 Zack Martin
38%
86 Luke Schoonmaker
37%
17 Brandon Aubrey
36%
RB:20 Dalvin Cook
35%
40 Hunter Luepke
33%
60 Tyler Guyton
32%
9 KaVontae Turpin
31%
5 Bryan Anger
30%
DE:90 DeMarcus Lawrence
29%
56 Cooper Beebe
28%
58 Mazi Smith
26%
83 Jalen Brooks
25%
81 Jonathan Mingo
25%
13 DeMarvion Overshown
24%
28 Malik Hooker
24%
80 Ryan Flournoy
23%
6 Donovan Wilson
20%
50 Eric Kendricks
20%
2 Jourdan Lewis
20%
97 Osa Odighizuwa
18%
44 Trent Sieg
17%
89 Brevyn Spann-Ford
16%
67 Brock Hoffman
16%
99 Chauncey Golston
16%
78 Terence Steele
15%
66 T.J. Bass
14%
QB:14 Will Grier
14%
DE:94 Marshawn Kneeland
13%
DE:54 Sam Williams
13%
18 Damone Clark
12%
OG:71 Chuma Edoga
11%
76 Asim Richards
10%
35 Marist Liufau
10%
41 Nick Vigil
10%
29 C.J. Goodwin
9%
31 Josh Butler
8%
14 Markquese Bell
8%
CB:25 Andrew Booth
7%
21 Caelen Carson
7%
55 Carl Lawson
7%
30 Juanyeh Thomas
7%
79 Matt Waletzko
7%
85 Princeton Fant
7%
91 Tyrus Wheat
7%
92 Carlos Watkins
6%
OT:75 Josh Ball
6%
93 Linval Joseph
6%
RB:34 Malik Davis
6%
CB:27 Amani Oruwariye
5%
57 Buddy Johnson
5%
24 Israel Mukuamu
4%
TE:81 John Stephens Jr
3%
43 Kemon Hall
3%
WR:16 Jalen Cropper
2%
OT:62 Nathan Thomas
2%
OT:64 Earl Bostick Jr
1%
DT:72 Jalen Dalton
1%
WR:84 Kelvin Harmon
1%
52 K.J. Henry
1%
WR:13 Seth Williams
1%
LB:59 Brock Mogensen
0%
OG:65 Dakoda Shepley
0%
LB:47 Darius Harris
0%
DT:95 Denzel Daxon
0%
DE:53 Luiji Vilain
0%
No matching quizzes found
Score Distribution
Percent of People with Each Score
Percentile by Number Answered
Your Score History
You have not taken this quiz